| 000 | 01060nam a2200277Ia 4500 | ||
|---|---|---|---|
| 003 | OSt | ||
| 005 | 20210112115612.0 | ||
| 008 | 191128t2012 ck a br 000 1 spa d | ||
| 020 | _a9789588787053 | ||
| 040 |
_aCO-JMCR _cCO-JMCR |
||
| 041 | 0 | _aspa | |
| 082 | 0 | 4 |
_aA / _bCORp |
| 100 |
_aCorentin, Philippe, _eautor _91787 |
||
| 245 | 0 | 1 |
_a¡Papá! / _cPhilippe Corentin |
| 250 | _aCuarta edición | ||
| 260 |
_aBogotá : _bCorimbo; _c©2012 |
||
| 300 |
_a28 páginas : _bilustraciones a color ; _c24 cm. x 28 cm. |
||
| 490 | 0 | _aPrimera Infancia del Ministerio de Cultura | |
| 520 | 0 | _aUn extraño en la cama, algo sucede al momento de ir a dormir. Nuestro protagonista de la noche tiene un libro en su mano, tal vez viaja a mundos de aventuras y monstruos antes de apagar la lámpara, al parecer se queda dormido pero, de repente. | |
| 521 | _aRecomendado para niños mayores de 2 años. | ||
| 546 | _aspa | ||
| 650 | 1 | 4 |
_aÁlbum infantil _9751 |
| 650 | 1 | 4 |
_aLiteratura infantil _9648 |
| 650 | 1 | 4 |
_aSueños en la literatura _91789 |
| 942 |
_2ddc _cBK |
||
| 999 |
_c3227 _d3227 |
||